No static in your attic : tapping into your creative and intuitive abilities (Record no. 73410)
[ view plain ]
| 000 -CABECERA | |
|---|---|
| campo de control de longitud fija | 00648nam a2200229 a 4500 |
| 005 - FECHA Y HORA DE LA ÚLTIMA TRANSACCIÓN | |
| campo de control | 20210219153309.0 |
| 008 - ELEMENTOS DE LONGITUD FIJA--INFORMACIÓN GENERAL | |
| campo de control de longitud fija | 991125n 000 0 u |
| 035 ## - NÚMERO DE CONTROL DEL SISTEMA | |
| Número de control de sistema | UPN01000089826 |
| 100 ## - ASIENTO PRINCIPAL--NOMBRE PERSONAL | |
| Nombre de persona | Schwab, Lynne |
| 222 ## - TÍTULO CLAVE | |
| Título clave | JOURNAL OF CREATIVE BEHAVIOR |
| 245 ## - MENCIÓN DE TÍTULO | |
| Título | No static in your attic : tapping into your creative and intuitive abilities |
| 300 ## - DESCRIPCIÓN FÍSICA | |
| Extensión | 256-262 |
| 362 ## - FECHAS DE PUBLICACIÓN Y/O DESIGNACIÓN SECUENCIAL | |
| Fecha de publicación y/o designación secuencial | 25, No. 3, 1991 |
| 505 ## - NOTA DE CONTENIDO CON FORMATO PREESTABLECIDO | |
| Nota de contenido con formato | Junio 1992 |
| 653 0# - TERMINO DE INDIZACION - NO CONTROLADO | |
| Término no controlado | CREATIVIDAD |
| 653 0# - TERMINO DE INDIZACION - NO CONTROLADO | |
| Término no controlado | DESTREZAS DEL PENSAMIENTO |
| 653 0# - TERMINO DE INDIZACION - NO CONTROLADO | |
| Término no controlado | METODOS DE ENSE\197ANZA |
| 653 0# - TERMINO DE INDIZACION - NO CONTROLADO | |
| Término no controlado | PENSAMIENTO CREATIVO |
| 653 0# - TERMINO DE INDIZACION - NO CONTROLADO | |
| Término no controlado | VISUALIZACION |
| 904 ## - ELEMENTOS DE DATOS D LOCAL, LDD (RLIN) | |
| a | AC |
| b | 027637 |
| 905 ## - TIPO DE MATERIAL | |
| Tipo de material | Articulo |
No items available.
